| 000 | 00491nam a22001937a 4500 | ||
|---|---|---|---|
| 003 | MPLRDC | ||
| 005 | 20220104162522.0 | ||
| 008 | 210129b ||||| |||| 00| 0 eng d | ||
| 020 | _a986-417-118-6 | ||
| 082 | _a419.9232 SAD | ||
| 100 | _a孙安迪等 | ||
| 245 |
_a侠医孙安迪 _c |
||
| 250 | _a第一版 | ||
| 260 |
_a台湾 _b天下远见出版股份有限公司 _c2003 |
||
| 300 | _b189 | ||
| 490 | _a健康生活. 55 | ||
| 650 | _a医疗界传记 | ||
| 942 |
_cBK _o419.9232 SAD |
||
| 999 |
_c56003 _d55993 |
||